000
00302nam a2200121 a 4500
005
20140414093846.0
008
100223s19uu xx uuu eng d
050
_a
CDB 005.268
_b
VBA 2000
245
_a
VBA developer's handbook.
650
_a
Microsoft Visual BASIC.
942
_c
AVM
999
_c
109634
_d
109634